Siete cuerdas
में बचाया:
| मुख्य लेखक: | |
|---|---|
| स्वरूप: | पुस्तक |
| भाषा: | Undetermined |
| प्रकाशित: |
España
Ediciones Cardeñoso
1996
|
| विषय: | |
| टैग: |
टैग जोड़ें
कोई टैग नहीं, इस रिकॉर्ड को टैग करने वाले पहले व्यक्ति बनें!
|
MARC
| LEADER | 00000nam a2200000Ia 4500 | ||
|---|---|---|---|
| 008 | 170316s9999 xx 000 0 und d | ||
| 040 | |a cru BVZT | ||
| 090 | |a 868 G-11.1s | ||
| 100 | |a Gómez Lance, Betty Rita | ||
| 245 | |a Siete cuerdas | ||
| 260 | |a España | ||
| 260 | |b Ediciones Cardeñoso | ||
| 260 | |c 1996 | ||
| 300 | |a 86 páginas | ||
| 650 | |a LITERATURA COSTARRICENSE | ||
| 650 | |a POESÍA | ||
| 999 | |c 11064 |d 11064 | ||
| 942 | |c 15 D |h 868 G-11.1s |2 z | ||
